000
00210 a2200097 4500
001
34604
100
_a
Kelly, Julia
245
_a
Using Microsoft Excel 2000
260
_a
ND
_b
PHI
_c
1999
090
_c
22887
_d
22887
942
_a
NUST-CAE
_c
M
_c
14321
999
_c
269677
_d
269677